000 00521nam a2200217Ia 4500
003 OSt
005 20220924141043.0
006 a|||||r|||| 00| 0
007 ta
008 220923b |||||||| |||| 00| 0 ben d
024 _a296979
037 _cTextual
040 _aARTS
_cARTS
_bben
041 _2ben
_aben
082 _aO157,3N361,12, M7
245 0 _aBikeler mrityu
260 _c1987
650 _aBENGALI LITERATURE
942 _hO157,3N361,12, M7
_cTEXL
_2CC
999 _c446073
_d446073